[Event "Le Touquet op-B 20th"]
[Site "Le Touquet"]
[Date "2005.10.23"]
[Round "1"]
[White "Mateus, Anthony"]
[Black "Bigotte, Sophie"]
[Result "0-1"]
[WhiteElo "1230"]
[BlackElo "1510"]
[PlyCount "40"]
[EventDate "2005.10.22"]
[EventType "swiss"]
[EventRounds "9"]
[EventCountry "FRA"]
[SourceTitle "EXT 2006"]
[Source "ChessBase"]
[SourceDate "2005.11.24"]
[SourceVersion "1"]
[SourceVersionDate "2005.11.24"]
[SourceQuality "1"]

1. e4 e5 2. Nf3 Nc6 3. Bc4 Bc5 4. Nc3 d6 5. h3 Nf6 6. d3 h6 7. b3 0-0 8. 0-0 a6 9. a4 Bd7 10. Ba3 Bb6 11. b4 a5 12. b5 Nd4 13. Re1 Qc8 14. Qd2 Nxf3+ 15. gxf3 Bxh3 16. Nd5 Qd8 17. Kh1 Nh5 18. Rg1 Qh4 19. Ne7+ Kh7 20. Nf5 Bxf5+ 0-1